<?xml version="1.0" encoding="UTF-8"?>
<record
    xmlns:xsi="http://www.w3.org/2001/XMLSchema-instance"
    xsi:schemaLocation="http://www.loc.gov/MARC21/slim http://www.loc.gov/standards/marcxml/schema/MARC21slim.xsd"
    xmlns="http://www.loc.gov/MARC21/slim">

  <leader>01853nam a2200205Ia 4500</leader>
  <controlfield tag="001">b7174-53269 </controlfield>
  <controlfield tag="003">IT-MiCISF</controlfield>
  <controlfield tag="008">161014s9999||||xx |||||||||||||| ||und||</controlfield>
  <datafield tag="040" ind1=" " ind2=" ">
    <subfield code="a">IT-MiCISF</subfield>
    <subfield code="c">IT-MiCISF</subfield>
  </datafield>
  <datafield tag="041" ind1=" " ind2=" ">
    <subfield code="a">it</subfield>
  </datafield>
  <datafield tag="100" ind1=" " ind2=" ">
    <subfield code="a">Granados Jos&#xE9;</subfield>
  </datafield>
  <datafield tag="245" ind1=" " ind2="0">
    <subfield code="a">Una sola carne in un solo spirito: teologia del matrimonio</subfield>
  </datafield>
  <datafield tag="250" ind1=" " ind2=" ">
    <subfield code="a">1a ed.</subfield>
  </datafield>
  <datafield tag="260" ind1=" " ind2=" ">
    <subfield code="a"> Siena - Roma</subfield>
    <subfield code="b">Cantagalli, Siena; Pontificio Istituto Giovanni Paolo II per studi su Matrimonio e Famiglia, Roma</subfield>
    <subfield code="c">2014</subfield>
  </datafield>
  <datafield tag="300" ind1=" " ind2=" ">
    <subfield code="a">pp. 416</subfield>
  </datafield>
  <datafield tag="500" ind1=" " ind2=" ">
    <subfield code="a"> / matrimonio-sacramento, teologia, magistero, patristica, storia, Bibbia, Chiesa, celebrazione-matrimonio, verginit&#xE0;, amore-coniugale / La teologia del matrimonio si colloca ad un crocevia presso il quale si danno appuntamento tanti elementi diversi: la carne e lo spirito, l'uomo e la donna, l'amore umano e l'amore divino, il privato e il pubblico, la tradizione e il futuro, la natura e la fede Come integrare tutti questi aspetti? Ges&#xF9; stesso ha indicato la via: "Ci&#xF2; che Dio ha unito, l'uomo non lo separi" (Mt 19,6). Dio &#xE8; la fonte dell'amore che ha unito l'uomo e la donna nel matrimonio e li associa in un cammino di comunione sempre pi&#xF9; profonda. Inoltre, "ci&#xF2; che Dio ha unito" si rivela in modo insuperabile nella venuta al mondo del Figlio di Dio: Egli nella sua Incarnazione e nella sua consegna di amore per la Chiesa, diventa in modo esimio "ci&#xF2; che Dio ha unito". Queste due unioni (uomo e donna, Ges&#xF9; e Chiesa) offrono la chiave interpretativa per leggere questo manuale del matrimonio. A partire dall'amore pieno del Risorto sorge una luce che svela il linguaggio della carne, dalle sue origini fino alla pienezza definitiva. Si mostra cos&#xEC; - secondo l'A. - il ruolo strategico del matrimonio nell'intera economia sacramentaria.</subfield>
  </datafield>
  <datafield tag="650" ind1=" " ind2=" ">
    <subfield code="a">matrimonio</subfield>
  </datafield>
  <datafield tag="942" ind1=" " ind2=" ">
    <subfield code="c">BK</subfield>
  </datafield>
  <datafield tag="957" ind1=" " ind2=" ">
    <subfield code="7">1</subfield>
  </datafield>
  <datafield tag="999" ind1=" " ind2=" ">
    <subfield code="a">53269</subfield>
    <subfield code="b">si</subfield>
    <subfield code="g">1</subfield>
    <subfield code="c">209795</subfield>
    <subfield code="d">209795</subfield>
  </datafield>
  <datafield tag="952" ind1=" " ind2=" ">
    <subfield code="0">0</subfield>
    <subfield code="1">0</subfield>
    <subfield code="4">0</subfield>
    <subfield code="6">B_717453269</subfield>
    <subfield code="7">1</subfield>
    <subfield code="a">CISF</subfield>
    <subfield code="b">CISF</subfield>
    <subfield code="d">2016-10-14</subfield>
    <subfield code="l">0</subfield>
    <subfield code="o">b7174-53269 </subfield>
    <subfield code="r">2016-10-14 00:00:00</subfield>
    <subfield code="w">2016-10-14</subfield>
    <subfield code="y">BK</subfield>
    <subfield code="z">Data import 15.10.2016 / by Epidotti, Vaglietti</subfield>
  </datafield>
</record>
